000 00992nam a2200217Ia 4500
001 17982
003 GE_BSU
008 181216s||||||||xx |||||||||||||| ||und||
040 _cGE_BSU
080 _a82-93:821.353.1-2
245 _aსაბავშვო პიესები:ნიშნების საუბარი. ცერცეტა. ცეროს კლუბი. წიფლია. აჩაკუნე
245 _bპატარარა სცენისმოყვარეებს
245 _cრედ.ლ.ცაგარეიშვილი. მხატვ.ნ. ხინველი
260 _aთბილისი
260 _bნაკადული
260 _c1960
300 _a190გვ.22სმ.
653 _aნიშნების საუბარი. ცერცეტა. ცეროს კლუბი. წიფლია. აჩაკუნე
653 _aსაბავშვო პიესები
942 _cBK
999 _c51025
_d51025